| 000 | 00677nam a22002057a 4500 | ||
|---|---|---|---|
| 005 | 20140311144954.0 | ||
| 010 | _aENG-109528 | ||
| 020 |
_c1295.00 _a9781259064388 |
||
| 020 |
_c1295.00 _a1259064387 |
||
| 035 | _aEN-93061 | ||
| 037 | _bDBAD/PUB | ||
| 082 | _a000 | ||
| 245 | 0 | 0 |
_aGeneral studies paper II : _cby Arun Sharma...[et al] _bfor Civil services preliminary examination / |
| 260 |
_aNew Delhi _bMcGraw Hill Education _c2014 |
||
| 270 |
_aP-24, Green Park Extn. _bNew Delhi _e110016 |
||
| 300 |
_avarious pagings : _c30cm(pbk) _bill. |
||
| 490 | _aMcGraw Hill education winning edge series | ||
| 700 | _aSharma, Arun | ||
| 942 |
_2ddc _cEN _mGEN _h000 |
||
| 999 |
_c82904 _d82904 |
||